000 00380nam a2200145Ia 4500
008 220204s9999 xx 000 0 und d
082 _a543.8
_bSED
100 _aFlek, Jan
245 0 _aHandbook of analysis of organic solvents
260 _aEngland
_bEllis Horwood
_c1976
650 _aOrganic solvent analysis
650 _aSolvent
700 _aSedivec, Vaelar
942 _cBK
999 _c29009
_d29009